00573nam a2200253Ia 4500008004000000020001500040041000800055082001700063100002200080245007100102260001900173300001400192440000600206650000800212650001700220650000800237650000700245650001200252650001600264650000800280650001700288650000800305650000600313210210b2006 xxu||||| |||| 00| 0 eng d a8188934305 aeng a720.954 RAJA aRAJARAJAN (R K K) aArt of the Vijayanagara Nayaks: architecture and iconography Vol 2 aDelhib-c2006 axxxii,151 a2 aVol aVijayanagara athe aof aNayaks: aiconography aArt aarchitecture aand a2